000 01152nam a22003017a 4500
003 dpl
005 20240327155803.0
008 231204b |||||||| |||| 00| 0 eng d
010 _aB-756871-880 ENG-139883
020 _c765.00
_a9789355324627
035 _aB-756871-880
035 _aEN-123415
037 _bPragati Publication
040 _c0
082 _a330.954
100 _aSinghania, Nitin
_96645
245 _aIndian economy :
_cby Nitin Singhania
_bFor civil Services and other competitive Examinations/
246 _b
250 _a4th Edition
260 _bMcGraw Hill Education Private Limited
_c2023-24
_aTamill Nadu
270 _bChennai
_a444/1, Sri Ekambara Naicker Industrial Estate, Alapakkam, Porur
_e600116
300 _axxiv, 727p.
_c24cm(pbk)
500 _aIncludes bibliographical references and appendix
650 _aIndian economy
_93591
650 _aIndustrial policy
_96646
942 _2ddc
_cEN
_h330.954
_mSIN
999 _c199417
_d199417